Foundations of Education. (Record no. 3765)
[ view plain ]
| 005 - DATE AND TIME OF LATEST TRANSACTION | |
|---|---|
| control field | 20250611153237.0 |
| 020 ## - INTERNATIONAL STANDARD BOOK NUMBER | |
| International Standard Book Number | 978-1-305-50098-3 |
| 082 ## - DEWEY DECIMAL CLASSIFICATION NUMBER | |
| Classification number | 370 ORN |
| 100 ## - MAIN ENTRY--PERSONAL NAME | |
| Author name | ORNSTEIN, A. C. |
| 245 ## - TITLE STATEMENT | |
| Title | Foundations of Education. |
| 250 ## - EDITION STATEMENT | |
| Edition statement | 13rd Ed |
| 260 ## - PUBLICATION, DISTRIBUTION, ETC. | |
| Place of publication, distribution, etc. | Australia, |
| Name of publisher, distributor, etc. | Cengage Learning, |
| Date of publication, distribution, etc. | 2017. |
| 300 ## - PHYSICAL DESCRIPTION | |
| Extent | xviii, 501p.: ill.; figure, picture, table |
| Other physical details | Glossary & Index |
| Dimensions | 28cm |
| 700 ## - ADDED ENTRY--PERSONAL NAME | |
| Other authors/Editors | LEVINE, D. U. & GUTEK, G. L. & VOCKE, D. E. |
| 856 ## - ELECTRONIC LOCATION AND ACCESS | |
| Link text | Access Online Book |
| Electronic name | Foundations of Education |
| Path | www.cengage.com |
| 942 ## - ADDED ENTRY ELEMENTS (KOHA) | |
| Source of classification or shelving scheme | Dewey Decimal Classification |
| Koha item type | Books |
| Date last seen | Total checkouts | Full call number | Barcode | Cost, replacement price | Price effective from | Koha item type | Lost status | Source of classification or shelving scheme | Damaged status | Not for loan | Withdrawn status | Home library | Current library | Shelving location | Date acquired | Cost, normal purchase price |
|---|---|---|---|---|---|---|---|---|---|---|---|---|---|---|---|---|
| 06/11/2025 | 370 ORN | 00000012601 | 404304.00 | 06/11/2025 | Books | Dewey Decimal Classification | College of Business Education Main Library | College of Business Education Main Library | General Collection | 09/17/2024 | 134768.00 | |||||
| 06/11/2025 | 370 ORN | 00000012602 | 404304.00 | 06/11/2025 | Books | Dewey Decimal Classification | College of Business Education Main Library | College of Business Education Main Library | General Collection | 09/17/2024 | 134768.00 | |||||
| 06/11/2025 | 370 ORN | 00000012603 | 404304.00 | 06/11/2025 | Books | Dewey Decimal Classification | College of Business Education Main Library | College of Business Education Main Library | General Collection | 09/17/2024 | 134768.00 | |||||
| 06/11/2025 | 370 ORN | 00000012604 | 404304.00 | 06/11/2025 | Books | Dewey Decimal Classification | College of Business Education Main Library | College of Business Education Main Library | General Collection | 09/17/2024 | 134768.00 | |||||
| 06/11/2025 | 370 ORN | 00000012605 | 404304.00 | 06/11/2025 | Books | Dewey Decimal Classification | College of Business Education Main Library | College of Business Education Main Library | General Collection | 09/17/2024 | 134768.00 |
